| 000 | 01014nam a2200373 a 4500 | ||
|---|---|---|---|
| 003 | AR-BaBNM | ||
| 005 | 20251128210055.0 | ||
| 008 | 082120s2002 ||||||||||||||000 | spa|| | ||
| 020 | _a950-507-447-5 | ||
| 040 | _cAR-BaBNM | ||
| 110 | 2 | _aAsociación Internacional por el Derecho del Niño a Jugar | |
| 245 | 0 | 0 |
_aEl juego _bnecesidad, arte y derecho |
| 250 | _a1ª ed. | ||
| 260 |
_aBuenos Aires _bBonum _c1996 |
||
| 300 |
_a188 p. _bil. |
||
| 490 | 0 | _aJuegos y dinámicas | |
| 650 | 4 | _aJUEGOS EDUCATIVOS | |
| 650 | 4 | _aJUEGOS INFANTILES | |
| 650 | 4 | _aNIÑOS | |
| 650 | 4 | _aDERECHO | |
| 650 | 4 | _aDESARROLLO DEL NIÑO | |
| 650 | 4 | _aESPARCIMIENTO | |
| 650 | 4 | _aJUGUETES | |
| 650 | 4 | _aRECURSOS EDUCACIONALES | |
| 650 | 4 | _aRECICLAJE | |
| 650 | 4 | _aMATERIAL MANIPULABLE | |
| 651 | 4 | _aArgentina | |
| 653 | _aESTRATEGIAS EDUCATIVAS | ||
| 653 | _aPSICOPEDAGOGIA | ||
| 700 | 1 |
_aBottini, Graciela _ecompilador |
|
| 700 | 1 |
_aSolzi de Rofman, Sarah _ecompilador |
|
| 942 | _cBK | ||
| 998 | _cCarmen | ||
| 999 |
_c13916 _d13916 |
||